<?xml version="1.0" encoding="UTF-8"?>
<resp>
  <nextPage>https://data.bn.org.pl/api/networks/bibs.marcxml?marc=001+b00001150002458&amp;sinceId=1150002459</nextPage>
  <collection>
    <record xmlns='http://www.loc.gov/MARC21/slim'><leader>01017namZa2200325ZiZ4500</leader><controlfield tag='001'>b00001150002458</controlfield><controlfield tag='005'>20241203220640.9</controlfield><controlfield tag='008'>230609s        pl           |000 0 pol c</controlfield><controlfield tag='009'>9913261672705606</controlfield><datafield ind1=' ' ind2=' ' tag='020'><subfield code='a'>8385318313</subfield></datafield><datafield ind1=' ' ind2=' ' tag='035'><subfield code='a'>KR_1KR_1_20120317225542002884-48omnis_kr</subfield></datafield><datafield ind1=' ' ind2=' ' tag='035'><subfield code='a'>KR_1_20120317225542002884</subfield><subfield code='9'>ExL</subfield></datafield><datafield ind1=' ' ind2=' ' tag='035'><subfield code='a'>(PL)b00001150002458</subfield></datafield><datafield ind1=' ' ind2=' ' tag='040'><subfield code='a'>KR_1</subfield><subfield code='c'>KR_1</subfield></datafield><datafield ind1='1' ind2=' ' tag='041'><subfield code='a'>pol</subfield><subfield code='h'>yideng</subfield></datafield><datafield ind1='1' ind2=' ' tag='100'><subfield code='a'>Singer, Isaac Bashevis</subfield><subfield code='d'>(1904-1991)</subfield></datafield><datafield ind1='1' ind2='0' tag='245'><subfield code='a'>Pokutnik /</subfield><subfield code='c'>Isaac Bashevis Singer ; przekł. Paweł Smogorzewski.</subfield></datafield><datafield ind1=' ' ind2=' ' tag='250'><subfield code='a'>Wyd. 2.</subfield></datafield><datafield ind1=' ' ind2=' ' tag='260'><subfield code='a'>Toruń :</subfield><subfield code='b'>&quot;Crime and Thriller&quot;,</subfield><subfield code='c'>1993.</subfield></datafield><datafield ind1=' ' ind2=' ' tag='300'><subfield code='a'>97 s. ;</subfield><subfield code='c'>21 cm.</subfield></datafield><datafield ind1='1' ind2=' ' tag='490'><subfield code='a'>Literatura dla Koneserów</subfield></datafield><datafield ind1=' ' ind2=' ' tag='500'><subfield code='a'>p</subfield></datafield><datafield ind1=' ' ind2='9' tag='650'><subfield code='a'>Powieść żydowska</subfield><subfield code='y'>20 w.</subfield></datafield><datafield ind1='1' ind2=' ' tag='700'><subfield code='a'>Smogorzewski, Paweł</subfield><subfield code='e'>tł</subfield></datafield><datafield ind1=' ' ind2=' ' tag='852'><subfield code='b'>48OMNIS_NETWORK</subfield><subfield code='8'>9913261672705606</subfield></datafield><datafield ind1=' ' ind2=' ' tag='852'><subfield code='b'>48OMNIS_KR</subfield><subfield code='8'>991000024579708216</subfield></datafield><datafield ind1=' ' ind2=' ' tag='920'><subfield code='a'>83-85318-31-3</subfield></datafield></record>
  </collection>
</resp>
